Paroles : Prends ce que tu veux chez moi (Lomepal) - Statistiques

Statistiques générales
  • Ce quiz a été pris 150 fois
  • Le résultat moyen est 279 sur 407
Statistiques - réponses
Réponse % Correct
Je
96%
je
96%
je
96%
je
96%
ce
93%
de
93%
moi
93%
moi
93%
que
93%
à
92%
me
92%
le
92%
me
92%
tu
92%
chez
90%
prends
90%
veux
90%
et
89%
et
89%
la
89%
la
89%
pour
89%
dans
88%
un
86%
ma
86%
ma
86%
m'a
86%
un
86%
les
85%
suis
85%
mais
82%
pas
81%
si
81%
elle
79%
elle
79%
des
76%
dit
76%
faire
76%
faire
76%
peu
76%
vie
75%
y
75%
fait
74%
une
74%
yeux
72%
qui
71%
se
71%
vers
71%
c'est
69%
c'est
69%
métamorphose
69%
on
69%
comme
68%
fais
68%
bête
68%
qu'elle
68%
dis
67%
fausses
67%
d'amour
67%
regarde
67%
l'oreille
67%
lui
67%
moche
67%
regarde
67%
trois
67%
mon
65%
gens
64%
en
63%
fête
63%
fille
63%
fête
63%
fosse
63%
langage
63%
jamais
61%
mecs
61%
mélodies
61%
mieux
61%
quelque
61%
viens
60%
sur
60%
viens
60%
chose
58%
du
58%
est
58%
faute
58%
pina
58%
préfère
58%
collectionne
57%
dirait
57%
j'ai
57%
j'attends
57%
j'avais
57%
l'eau
57%
mystérieux
57%
sans
57%
signal
57%
au
56%
bizarres
56%
normaux
56%
toucher
56%
ange
54%
parle
54%
pouvait
54%
tout
54%
m'arriver
53%
qu'est-ce
53%
qu'il
53%
déjà
51%
j'en
51%
perdre
51%
pourrai
51%
comprendre
50%
dominant
50%
veste
50%
minutes
50%
petit
50%
tomber
50%
ai
49%
bien
49%
coeur
49%
depuis
49%
d'enlever
49%
laisse
49%
leurs
49%
tire
49%
parler
47%
sous-titres
47%
nulle
46%
plaisir
46%
plaît
46%
quand
46%
routine
46%
vingt
46%
bon
44%
fois
44%
roller
44%
signes
44%
vrai
44%
boutique
43%
coaster
43%
fin
43%
figé
43%
hostile
43%
posé
43%
Bastille
42%
c'était
42%
chaud
42%
fou
42%
nuit
42%
presque
42%
silencieux
42%
soirée
42%
tourne
42%
type
42%
vraiment
42%
avant
40%
costaud
40%
côté
40%
demandait
40%
gueule
40%
lentement
40%
sang
40%
seul
40%
style
40%
bouteille
39%
début
39%
laisser
39%
monde
39%
psy
39%
show
39%
venu
39%
voir
39%
calmer
38%
courage
38%
découvre
38%
drôle
38%
encore
38%
fallu
38%
fond
38%
frapper
38%
goulot
38%
j'ose
38%
l'autre
38%
mette
38%
nerfs
38%
pitié
38%
pris
38%
reçois
38%
suivre
38%
dois
36%
l'aube
36%
rate
36%
savait
36%
d'apprendre
35%
enfin
35%
serai
35%
trompé
35%
janvier
33%
qu'au
33%
rond
33%
confiance
32%
milieu
32%
pis
32%
puis
32%
reparti
32%
tant
32%
vide
32%
paraît
31%
rejoins-moi
29%
cherchais
28%
nope
28%
chanceux
26%
congelé
26%
vivons
25%
dehors
22%
traverse
21%
proposé
19%
Aucun quiz correspondant
Distribution des résultats
% des personnes avec chaque résultat
Percentile par nombre de réponses
Votre historique - résultats
Vous n’avez pas pris ce quiz